| Tag |
First Indicator |
Second Indicator |
Subfields |
| LEADER |
00000cam a2200000 a 4500 |
| 001 |
in00000777313 |
| 005 |
20190508103534.0 |
| 008 |
890118s1962 txuaf 00010 eng d |
| 035 |
|
|
|a (OCoLC)19031768
|
| 035 |
|
|
|9 ADM1139AM
|
| 040 |
|
|
|a TXA
|c TXA
|d UtOrBLW
|
| 043 |
|
|
|a n-us-tx
|
| 049 |
1 |
|
|a TXA2
|
| 090 |
|
|
|a GC1
|b .T42 Proj.150, R-62-11F
|
| 110 |
2 |
|
|a Texas A & M University.
|b Department of Oceanography.
|
| 245 |
1 |
0 |
|a Radar and SFERICS investigations of Texas thunderstorms :
|b final report.
|
| 264 |
|
1 |
|a College Station, Tex. :
|b Texas A & M University, Dept. of Oceanography,
|c 1962.
|
| 300 |
|
|
|a 1 volume (various pagings), plates :
|b illustrations, diagrams ;
|c 28 cm.
|
| 336 |
|
|
|a text
|b txt
|2 rdacontent
|
| 337 |
|
|
|a unmediated
|b n
|2 rdamedia
|
| 338 |
|
|
|a volume
|b nc
|2 rdacarrier
|
| 490 |
1 |
|
|a [Texas. A & M University. Department of Oceanography] Project 150, Final Report ;
|v [1962]
|
| 500 |
|
|
|a Project 150, Reference 62-11F.
|
| 500 |
|
|
|a Prepared for Geophysics Research Directorate, Air Force Cambridge Research Laboratories. Office of Aerospace Research, United States Air Force. Bedford Massachusetts. Contract AF 19(604)-2182, Project 6672, Task 667202.
|
| 500 |
|
|
|a "20 May 1962"
|
| 650 |
|
0 |
|a Thunderstorms
|z Texas.
|
| 650 |
|
0 |
|a Radar
|x Meteorology.
|
| 610 |
2 |
0 |
|a Texas A & M Research Foundation.
|
| 740 |
0 |
2 |
|a [Research into techniques [sic] for extracting information from radar echoes and signals from meteorological phenomena]
|
| 830 |
|
0 |
|a Project 150 (Texas A & M University. Department of Oceanography and Meteorology) Reference ;
|v no. 62-11F.
|
| 830 |
|
0 |
|a Project 150 (Texas A & M University. Department of Oceanography and Meteorology).
|p Final report ;
|v 1962.
|
| 999 |
|
|
|a MARS
|
| 999 |
f |
f |
|s 00eb8797-adbc-363d-9d39-f49a57bee91d
|i b6b2b568-a81a-3dbf-825e-388ca35e77b0
|t 0
|
| 952 |
f |
f |
|p ric
|a Texas A&M University
|b Rellis Campus
|c Joint Library Facility
|d Remote Storage
|t 0
|e GC1 .T42 Proj.150, R-62-11F
|h Library of Congress classification
|i unmediated -- volume
|m A14811600161
|
| 998 |
f |
f |
|a GC1 .T42 Proj.150, R-62-11F
|t 0
|l Remote Storage
|